Представление документа в формате RUSMARC

ПолеНазваниеЗначение
  Тип записи a
  Библиографический уровень m
001 Контрольный номер RU/CBS_UL/BASE/1bbcecd9357440b1a65db0b7081d9339
005 Дата корректировки 20251016090305.4
010 Индекс ISBN __
a ISBN
b Уточнения в пер.
d Цена 69 р. 00 к.
9 Тираж экз.
100 Данные общей обработки __
a Данные общей обработки 20251015d 0rusy0189## ca
101 Язык документа 0_
a Язык текста rus
102 Страна публикации __
a Страна публикации RU
200 Заглавие и сведения об ответственности 1_
a Заглавие Повести
a Заглавие Романы
f Первые сведения об ответственности А. С. Пушкин
g Последующие сведения об ответственности сост., коммент. В. А. Кожевникова
210 Выходные данные 1_
a Место издания Москва
c Издательство Дрофа
c Издательство ВЕЧЕ
d Дата издания 2004
215 Физическое описание __
a Объем 352 с.
d Формат см.
c Иллюстрации/тип воспроизводства ил.
225 Серия 2_
a Серия Библиотека отечественной классической художественной литературы
300 Общие примечания __
a Общие примечания Под инв. номером 104215: 28-1
300 Общие примечания __
a Общие примечания 12+
606 Тематические рубрики 0_
a Основная рубрика Русская литература, 19 в. - Проза
610 Ключевые слова 0_
a Ключевые слова классика русская; прозаические произведения; повести; романы; внеклассное чтение; произведения школьной программы
686 Индексы других классификаций __
2 Код системы rubbk
a Классификационный индекс 84(2Рос=Рус)1
700 Автор _1
a Фамилия Пушкин
b Имя (инициалы) А. С.
g Полное личное имя Александр Сергеевич
801 Источник записи _0
a Страна RU
b Организация МБУК ЦБС г. Ульяновска
c Дата составления 20251015
g Правила каталогизации RCR
801 Источник записи _1
a Страна RU
b Организация МБУК ЦБС г. Ульяновска
c Дата составления 20251015
g Правила каталогизации RCR
852 Данные о местонахождении __
i Авторский знак П 91
j Шифр хранения Р1
901 Тип документа __
t Тип документа m
909 Создатель записи __
a Создатель записи obr2
b Дата создания записи 20251015